LEADER 00944nam a2200265 i 4500 001 991000477939707536 008 040217s1996 de a b 101 0 eng d 020 $a3055017250 035 $ab12622448-39ule_inst 040 $aDip.to Matematica$beng 084 $aAMS 74J 084 $aLC QC191.L45 100 1 $aLin, Xiao$0482099 245 10$aNumerical computation of stress waves in solids /$cXiao Lin 260 $aBerlin :$bAkademie Verlag,$cc1996 300 $a314 p. :$bill. ;$c25 cm 504 $aIncludes bibliographical references and index 650 0$aStress waves 650 0$aSolids 907 $a.b12622448$b21-09-06$c17-02-04 912 $a991000477939707536 945 $aLE013 74J LIN11 (1996)$g1$i2013000144481$lle013$op$pE121.72$q-$rl$s- $t0$u1$v0$w1$x0$y.i13130730$z16-03-04 996 $aNumerical computation of stress waves in solids$9276240 997 $aUNISALENTO 998 $ale013$b17-02-04$cm$da $e-$feng$gde $h0$i1 LEADER 03965 am 2200877 n 450 001 9910418031503321 005 20191220 010 $a979-1-03-510539-6 024 7 $a10.4000/books.psorbonne.37927 035 $a(CKB)4100000010014033 035 $a(FrMaCLE)OB-psorbonne-37927 035 $a(oapen)https://directory.doabooks.org/handle/20.500.12854/53310 035 $a(PPN)241684986 035 $a(EXLCZ)994100000010014033 100 $a20191218j|||||||| ||| 0 101 0 $afre 135 $auu||||||m|||| 181 $ctxt$2rdacontent 182 $cc$2rdamedia 183 $acr$2rdacarrier 200 10$aMéthodes d?enregistrement des données en archéologie /$fCandice Del Medico, Marion Dessaint, Camille Gorin 210 $aParis $cÉditions de la Sorbonne$d2019 330 $aL?archéologie nécessite des méthodes d?enregistrement rigoureuses qui sont la base de l?approche scientifique de l?étude d?un site et de la construction d?un corpus. Comment doit-on enregistrer les données archéologiques ? Quelles sont les méthodes à notre disposition pour réaliser cette tâche sur le terrain et en laboratoire ? Cette publication fait suite à la 13e journée doctorale d?archéologie dont l?objectif était de débattre et de discuter autour de ces questions. Les communications et posters ont porté à la fois sur les différentes méthodes de fouilles et sur l?enregistrement des données, en laboratoire et sur le terrain, ainsi que sur leur partage. Les interventions ont mis en avant l?utilisation des nouvelles technologies pour l?enregistrement des données de terrain et de bases de données pour l?homogénéisation de la documentation de fouilles anciennes et récentes. Les cas d?étude présentés montrent également l?intérêt du partage de données en archéologie pour développer des approches pluridisciplinaires et complémentaires. 606 $aArchaeology 606 $aarchaeological data saving and registration 606 $amethods 606 $anew technologies 606 $adatabases 606 $abase de données 606 $aarchéologie 606 $améthodes 606 $améthodologie d?enregistrement 610 $adatabases 610 $amethods 610 $anew technologies 610 $aarchaeological data saving and registration 615 4$aArchaeology 615 4$aarchaeological data saving and registration 615 4$amethods 615 4$anew technologies 615 4$adatabases 615 4$abase de données 615 4$aarchéologie 615 4$améthodes 615 4$améthodologie d?enregistrement 700 $aBaylé$b Anne-Lise$01365236 701 $aBeneteaud$b Lucie$01365237 701 $aBoonthai$b Worrawit$01365238 701 $aBoucard$b Jordan$01365239 701 $aBroes$b Frédéric$01365240 701 $aChaléat$b Franck$01365241 701 $aComes-Trinidad$b Émilie$01365242 701 $aCosta$b Kévin$01365243 701 $aDel Medico$b Candice$01365244 701 $aDessaint$b Marion$01365245 701 $aDuval$b Pauline$01365246 701 $aFechner$b Kai$01329150 701 $aFischbach$b Thomas$01365247 701 $aFrançois$b Anh Linh$01365248 701 $aGiosa$b Alain$01283156 701 $aGorin$b Camille$01365249 701 $aJing$b Zhongwei$01365250 701 $aLabit$b Hélène$01365251 701 $aQuatrelivre$b Carole$01365252 701 $aSebillaud$b Pauline$01365253 701 $aTerrier$b Aurélie$01365254 701 $aTomczyk$b Céline$01365255 701 $aVerhoeven$b Geert$01338461 701 $aDel Medico$b Candice$01365256 701 $aDessaint$b Marion$01365245 701 $aGorin$b Camille$01365249 801 0$bFR-FrMaCLE 906 $aBOOK 912 $a9910418031503321 996 $aMéthodes d?enregistrement des données en archéologie$93386898 997 $aUNINA LEADER 03768oam 2200673I 450 001 9910789956103321 005 20230801222017.0 010 $a1-136-47500-1 010 $a1-283-46161-7 010 $a9786613461612 010 $a0-203-13064-2 010 $a1-136-47501-X 024 7 $a10.4324/9780203130643 035 $a(CKB)2670000000161316 035 $a(EBL)957397 035 $a(OCoLC)798533080 035 $a(SSID)ssj0000647424 035 $a(PQKBManifestationID)11370983 035 $a(PQKBTitleCode)TC0000647424 035 $a(PQKBWorkID)10593871 035 $a(PQKB)10796248 035 $a(MiAaPQ)EBC957397 035 $a(Au-PeEL)EBL957397 035 $a(CaPaEBR)ebr10535019 035 $a(CaONFJC)MIL346161 035 $a(OCoLC)1000426949 035 $a(OCoLC)782918785 035 $a(FINmELB)ELB137573 035 $a(EXLCZ)992670000000161316 100 $a20180706d2012 uy 0 101 0 $aeng 135 $aur|n|---||||| 181 $ctxt 182 $cc 183 $acr 200 00$aReligion and change in modern Britain /$fedited by Linda Woodhead and Rebecca Catto 210 1$aAbingdon, Oxon ;$aNew York :$cRoutledge,$d2012. 215 $a1 online resource (425 p.) 300 $aDescription based upon print version of record. 311 $a0-415-57581-8 311 $a0-415-57580-X 320 $aIncludes bibliographical references and index. 327 $aReligion and Change in Modern Britain; Copyright; Contents; List of figures and tables; List of plates; Notes on contributors; Introduction; 1 Controversies as a lens on change; PART 1 Changing religious forms; 2 Christianity: loss of monopoly; Case study 1: The formation of the United Reformed Church; 3 Judaism, Sikhism, Islam, Hinduism and Buddhism: post-war settlements; Introduction; Judaism; Sikhism; Islam; Hinduism; Buddhism; Conclusion; Case study 2: The Inter Faith Network and the development of inter faith relations in Britain; 4 Alternative spiritualities: marginal and mainstream 327 $a5 God-changeCase study 3: The religiosity of young people growing up in poverty; 6 Changing British ritualization; Case study 4: Multi-faith spaces as symptoms and agents of change; Images of religion and change in modern Britain; PART 2 Wider influences; 7 The changing faces of media and religion; Case study 5: Religion, youth cultures and popular music; 8 Religion, welfare and education; Case study 6: The role of faith-based organizations in service provision for homeless people; 9 Religion, politics and law; Case study 7: Religion, human rights law and 'opting out' of religious education 327 $aPART 3 Theoretical perspectives10 Cultural perspectives; 11 Social perspectives; 12 The religious and the secular; Index 330 $aThis book offers a fully up-to-date and comprehensive guide to religion in Britain since 1945. A team of leading scholars provide a fresh analysis and overview, with a particular focus on diversity and change. They examine:relations between religious and secular beliefs and institutionsthe evolving role and status of the churches the growth and 'settlement' of non-Christian religious communitiesthe spread and diversification of alternative spiritualitiesreligion in welfare, education, media, politics and lawtheoretical persp 606 $aReligion 607 $aGreat Britain$xReligion$y20th century 607 $aGreat Britain$xReligion$y21st century 615 0$aReligion. 676 $a200.941 701 $aCatto$b Rebecca$01582736 701 $aWoodhead$b Linda$01496104 801 0$bFlBoTFG 801 1$bFlBoTFG 906 $aBOOK 912 $a9910789956103321 996 $aReligion and change in modern Britain$93865332 997 $aUNINA